|
|
|
|
| LEADER |
00000nam0a2200000 4500 |
| 001 |
119251 |
| 005 |
20231031124454.0 |
| 010 |
|
|
|a 5256000225
|
| 020 |
|
|
|a RU
|b 88-87482
|
| 035 |
|
|
|a (RuTPU)RU\TPU\book\129051
|
| 090 |
|
|
|a 119251
|
| 100 |
|
|
|a 20070627d1988 m a0rusy5003 ca
|
| 101 |
0 |
|
|a rus
|
| 102 |
|
|
|a RU
|
| 105 |
|
|
|a a z 001zy
|
| 200 |
1 |
|
|a Последовательная передача дискретных сообщений по непрерывным каналам с памятью
|f Б. И. Николаев
|
| 210 |
|
|
|a Москва
|c Радио и связь
|d 1988
|
| 215 |
|
|
|a 263 с.
|c ил.
|
| 320 |
|
|
|a Библиогр.: с. 256-260.
|
| 320 |
|
|
|a Предм. указ.: с. 261-262.
|
| 610 |
1 |
|
|a информация
|
| 610 |
1 |
|
|a передача
|
| 610 |
1 |
|
|a дискретные сообщения
|
| 610 |
1 |
|
|a сигналы
|
| 610 |
1 |
|
|a демодуляция
|
| 610 |
1 |
|
|a оценивание
|
| 610 |
1 |
|
|a преобразование
|
| 675 |
|
|
|a 621.391.3
|v 3
|
| 700 |
|
1 |
|a Николаев
|b Б. И.
|g Борис Иванович
|
| 801 |
|
0 |
|a RU
|b RuMRKP
|c 19950417
|g psbo
|
| 801 |
|
1 |
|a RU
|b 63413507
|c 20070627
|g PSBO
|
| 801 |
|
2 |
|a RU
|b 63413507
|c 20150909
|g PSBO
|
| 942 |
|
|
|c BK
|